00947 a2200181 45000010006000000050017000060080041000230030015000640400040000790800041001192450032001602640033001923000019002255050456002441000018007007000019007187000028007374855520260407155750.0260407a1967 arg spa dAR-UNSa-BCEJYS aAR-UNSa-BCEJYSbspacAR-UNSa-BCEJYS a512.64xAlgebra lineal y multilineal10aElementos de algebra lineal 1aBarcelona :bRevertéc1967 a409 p.c22 cm. a1. Introducción - 2. Vectores y geometría analítica del espacio - 3. Espacios vectoriales - 4. Espacios euclídeo n-dimensional - 5. Determinantes - 6. Transformaciones lineales y matrices - 7. Conjuntos de transformaciones lineales y matrices - 8. Formas bilineales y cuadráticas - 9. Cuerpo de los números complejos, anillos de polinomios - 10. Valores y vectores característicos de transformaciones lineales - 11. Semejanza de matrices1 aPaige, Lowell1 aSwift, J. Dean1 aRodriguez Vidal, Rafael